Juliette Binoche Filmography - Statistics

General Stats
  • This quiz has been taken 14 times
    3 since last reset
  • The average score is 24 of 125
Answer Stats
Type Year Name % Correct
Film 2005 Caché
100%
Film 2000 Chocolat
100%
Film 2014 Clouds of Sils Maria
100%
Film 1996 The English Patient
100%
Film 1993 Three Colors: Blue
100%
Film 1998 Alice and Martin
67%
Film 2010 Certified Copy
67%
Film 2000 Code Unknown
67%
Film 1992 Damage
67%
Film 2018 High Life
67%
Film 2017 Let the Sunshine In
67%
TV Film 1986 Mauvais Sang
67%
Film 1985 Rendez-vous
67%
Film 1991 The Lovers on the Bridge
67%
Film 2023 The Taste of Things
67%
Film 1988 The Unbearable Lightness of Being
67%
Film 1994 Three Colors: Red
67%
Film 1994 Three Colors: White
67%
Film 1996 A Couch in New York
33%
Film 2012 An Open Heart
33%
Film 2022 Both Sides of the Blade
33%
TV Show 2017 Call My Agent!
33%
Film 2013 Camille Claudel 1915
33%
Film 1999 Children of the Century
33%
Film 2007 Dan in Real Life
33%
Film 2007 Disengagement
33%
Film 2011 Elles
33%
Film 1992 Emily Brontë's Wuthering Heights
33%
Film 2007 Flight of the Red Balloon
33%
Film 2017 Ghost in the Shell
33%
Film 2014 Godzilla
33%
Film 1985 Hail Mary
33%
Film 2002 Jet Lag
33%
Film 2018 Non-Fiction
33%
Film 2008 Paris
33%
Film 2008 Shirin
33%
Film 2016 Slack Bay
33%
Film 2008 Summer Hours
33%
Film 2015 The 33
33%
Film 1995 The Horseman on the Roof
33%
Film 2024 The Return
33%
Film 2011 The Son of No One
33%
Web Mini-Series 2022 The Staircase
33%
Film 2019 The Truth
33%
Film 2000 The Widow of Saint-Pierre
33%
Film 2018 Vision
33%
Film 2019 Who You Think I Am
33%
Film 2022 Winter Boy
33%
Film 2015 7 Letters
0%
Film 1985 A Better Life
0%
Film 2006 A Few Days in September
0%
Film 2012 Another Woman's Life
0%
TV Film 2015 Antigone at the Barbican
0%
Commercial 2019 Armani Privé
0%
Film 2013 A Thousand Times Good Night
0%
Film 2017 Baby Bump(s)
0%
Film 2005 Bee Season
0%
Theater 2000-2001 Betrayal
0%
Film 2021 Between Two Worlds
0%
Documentary Series 1995, 2000 Bouillon de culture
0%
Film 2006 Breaking and Entering
0%
Film TBA Camino Real
0%
Documentary 2023 Cannes Uncut
0%
Commercial 1983 Chamallo
0%
TV Show 1985 Champs-Elysées
0%
Documentary Series 1993 Cinéma, de notre temps
0%
Documentary Series 2000, 2002 Comme au cinéma
0%
Film 2012 Cosmopolis
0%
Documentary 1993 Doisneau des villes, doisneau des champs
0%
TV Show 2015 El hormiguero
0%
Film 2015 Endless Night
0%
Documentary 1991 Enquête sur un film au-dessus de tout soupçon
0%
Film 1985 Family Life
0%
Film 1985 Farewell to Fred
0%
Commercial 2002 Ferrero Rocher
0%
TV Film 1985 Fort Bloqué
0%
TV Documentary 2005 French Beauty
0%
Film 2020 How to Be a Good Wife
0%
Documentary Series 2008 Imagine
0%
Short Film 2019 Infraction
0%
Documentary 2025 In-I in Motion
0%
Film 2004 In My Country
0%
TV Documentary 1984 Jean-Luc Godard: mal vu, mal dit
0%
TV Special 2002 Judi Dench: A BAFTA Tribute
0%
TV Documentary 2009 Juliette Binoche dans les yeux
0%
Documentary 2023 Kiarostami at Work
0%
Documentary 2022 La fabrique des pandémies
0%
Commercial 1997 Lancôme Pôeme
0%
Documentary Series 1985-2019 La nuit des César
0%
TV Documentary 2005 La réconciliation?
0%
Film 2015 L'attesa
0%
Film 1985 Les Nanas
0%
Documentary 2015 L'Homme Tango
0%
Film 1983 Liberty Belle
0%
TV Documentary 2003 Louis Jorvet ou L'amour du théâtre
0%
TV Film 2011 Mademoiselle Julie
0%
Short Film 2015 Mara
0%
TV Documentary 2015 Marin Karmitz: bande à part
0%
Film 2005 Mary
0%
TV Documentary 2022 Michael Haneke, Cineaste of Our Times
0%
Documentary 2013 Michael H. Profession: Director
0%
Film 1986 My Brother-in-Law Killed My Sister
0%
Theater 1998 Naked
0%
TV Show 1995, 1997 Nulle part ailleurs
0%
Documentary 2005 Odyssey in Rome
0%
Film 1989 Once Around the Park
0%
Documentary 2013 Ongoing Smile
0%
Film 2022 Paradise Highway
0%
Film 2006 Paris, I Love You
0%
Short Documentary 2015 Parler de Rose, prisonnière de Hissène Habré
0%
Film 2016 Polina
0%
TV Special 2022 Premio Donostia a Juliette Binoche
0%
Film TBA Queen at Sea
0%
Short Film 2021 Sous Les Pavés La Plage
0%
Web Series 2024 The New Look
0%
TV Film 1983 The Secret Tomb
0%
Documentary Series 1998, 2005 The South Bank Show
0%
Film 2015 The Wait
0%
Short Film 2006 The World Is Not a Landscape
0%
Documentary 1985 Thierry Mugler
0%
TV Documentary 2002 Un jour dans la vie du cinéma français
0%
Documentary Mini-Series 2017 Voyage à travers les couleurs: la Chine
0%
TV Film 1991 Women & Men 2
0%
Documentary 2019 Wonder Boy
0%
Film 2013 Words and Pictures
0%
No matching quizzes found
Score Distribution
Percent of People with Each Score
Percentile by Number Answered
Your Score History
You have not taken this quiz since the last reset